| 000 | 02055nam a2200229Ia 4500 | ||
|---|---|---|---|
| 003 | Ost | ||
| 005 | 20260507074846.0 | ||
| 008 | 260507s9999||||xx |||||||||||||| ||und|| | ||
| 040 | _cfsecg | ||
| 041 | _aara | ||
| 082 | _a332 | ||
| 100 |
_aحشيش، عادل أحمد _eمؤلف |
||
| 245 | 0 |
_aأساسيات الإقتصاد النقدي والمصرفي / _c عادل أحمد حشيش |
|
| 260 |
_aالاسكندرية: _bدار الجامعة الجديدة, _c2014 |
||
| 300 |
_a351 صفحة؛ _bإيضاحات ؛ _c24 سم |
||
| 504 | _aببليوغرافيا: ص.333-338 | ||
| 520 | _aيضم إرتباط نشأة النقود وتطور وظائفها بنمو اقتصاد المبادلة والتطورات اللاحقة بالرأسمالية كنظام اقتصادي، أنواع النقود ووحدات النقد المتداول مع الإشارة للأجزاء المقابلة للكتلة النقدية، دواعي تطور وسائل وأدوات تسوية المدفوعات وظهور ما يعرف بالنقود الإلكترونية والجدل حول الطبيعة النقدية لهذه النقود، قيمة النقود وعلاقتها بالمستوى العام للأسعار والعوامل الواضحة للتقلبات النقدية الطارئة على هذه القيمة وما ينجم عنها من آثار، السياسة النقدية والأهداف المتوخاة منها في معالجة التقلبات الطارئة على قيمة النقود، ماهية وخصائص النظام النقدي وانعكاسات الأوضاع الإقتصادية على النظم النقدية السائدة، البنوك كمؤسسات نقدية وتمويلية، أساسيات النشاط الإئتماني للبنوك والوظائف الأساسية للوسطاء الماليين، البنوك التجارية، البنك المركزي | ||
| 653 | _aالإقتصاد المالي | ||
| 653 | _aالبنوك | ||
| 653 | _aالنقود | ||
| 942 | _cكتاب | ||
| 999 |
_c41539 _d41539 |
||